Off to school! / (Record no. 6031)

MARC details
000 -LEADER
fixed length control field 01246cam a22003977a 4500
001 - CONTROL NUMBER
control field 6031
003 - CONTROL NUMBER IDENTIFIER
control field FISKH
005 - DATE AND TIME OF LATEST TRANSACTION
control field 20250812132141.0
008 - FIXED-LENGTH DATA ELEMENTS--GENERAL INFORMATION
fixed length control field 120111s2011 nyua j 000 1 eng d
010 ## - LIBRARY OF CONGRESS CONTROL NUMBER
LC control number 2011276531
020 ## - INTERNATIONAL STANDARD BOOK NUMBER
International Standard Book Number 9781442421387 (pbk.)
020 ## - INTERNATIONAL STANDARD BOOK NUMBER
International Standard Book Number 144242138X (pbk.)
020 ## - INTERNATIONAL STANDARD BOOK NUMBER
International Standard Book Number 9781442430624 (hc.)
020 ## - INTERNATIONAL STANDARD BOOK NUMBER
International Standard Book Number 1442430621 (hc.)
040 ## - CATALOGING SOURCE
Original cataloging agency BTCTA
Language of cataloging eng
Transcribing agency BTCTA
Modifying agency B@L
-- VP@
-- NYP
-- OCLCQ
-- DLC
050 ## - LIBRARY OF CONGRESS CALL NUMBER
Classification number PZ7.P44818 O
082 ## - DEWEY DECIMAL CLASSIFICATION NUMBER
Classification number 458
100 0# - MAIN ENTRY--PERSONAL NAME
Personal name Peyo.
245 10 - TITLE STATEMENT
Title Off to school! /
Statement of responsibility, etc. by Peyo.
260 ## - PUBLICATION, DISTRIBUTION, ETC.
Place of publication, distribution, etc. New York :
Name of publisher, distributor, etc. Simon Spotlight,
Date of publication, distribution, etc. 2011
300 ## - PHYSICAL DESCRIPTION
Extent 28 unnumbered pages :
Other physical details color illustrations ;
Dimensions 23 cm
490 0# - SERIES STATEMENT
Series statement Ready-to-read
Volume/sequential designation Level two,
500 ## - GENERAL NOTE
General note At head of title: The Smurfs.
505 ## - FORMATTED CONTENTS NOTE
Formatted contents note N<br/>
520 ## - SUMMARY, ETC.
Summary, etc. Papa Smurf sends the other Smurfs back to school to brush up on their spelling and math skills.
521 8# - TARGET AUDIENCE NOTE
Target audience note 560<br/>
Source Lexile<br/>
521 8# - TARGET AUDIENCE NOTE
Target audience note N<br/>
Source Raz-Plus<br/>
650 #0 - SUBJECT ADDED ENTRY--TOPICAL TERM
Topical term or geographic name entry element Smurfs (Fictitious characters)
Form subdivision Juvenile fiction.
650 #0 - SUBJECT ADDED ENTRY--TOPICAL TERM
Topical term or geographic name entry element Schools
Form subdivision Juvenile fiction.
650 #1 - SUBJECT ADDED ENTRY--TOPICAL TERM
Topical term or geographic name entry element Schools
Form subdivision Fiction.
655 #7 - INDEX TERM--GENRE/FORM
Genre/form data or focus term School stories.
Source of term sears
655 #7 - INDEX TERM--GENRE/FORM
Genre/form data or focus term Fantasy fiction.
Source of term sears
906 ## - LOCAL DATA ELEMENT F, LDF (RLIN)
a 7
b cbc
c copycat
d 2
e ncip
f 20
g y-gencatlg
942 ## - ADDED ENTRY ELEMENTS (KOHA)
Source of classification or shelving scheme Dewey Decimal Classification
Koha item type Books
Suppress in OPAC No
Holdings
Withdrawn status Lost status Source of classification or shelving scheme Damaged status Not for loan Collection Home library Current library Shelving location Date acquired Total Checkouts Full call number Barcode Date last seen Date last checked out Price effective from Koha item type Copy number
    Dewey Decimal Classification     Juvenile Fiction Footprints International School Library Network Toul Kork Campus Footprints International School Library Network Toul Kork Campus TK Primary Library Room(4th Floor), Bookcase 3&4, Shelves 17-32, Yellow Books 02/25/2025 1 PEY 458 PZ7.P44818 O FISTK01099 02/25/2025 02/25/2025 02/25/2025 Books  
    Dewey Decimal Classification     Juvenile Fiction Footprints International School Library Network Toul Tom Poung Campus Footprints International School Library Network Toul Tom Poung Campus TTP Primary Yellow Bookshelves 08/12/2025 1 PEY 458 PZ7.P44818 O FIS03147 02/04/2026 01/21/2026 08/12/2025 Books 2